000 00640nam a22002177a 4500
003 UA-OsUOA
001 44727
007 ta
008 20110207b un ||||| |||| 00| 0 ukr d
090 _a050
_bЮ49
942 _cMG
040 _aUA-OsUOA
_bukr
_cUA-OsUOA
_dUA-OsUOA
245 _aЮнацький світ
955 _a4
041 _aukr
080 _a050
260 _aБуенос-Айрес
310 _a1956: №1, 2;
650 7 _a050 Серійні публікації. Періодика галузі, Організація та інші типи поєднання (співробітництва)
_2UDC
999 _c424828
_d424828